|
|
|
|
| LEADER |
00000ny a22000003n 4500 |
| 005 |
20110609102238.0 |
| 008 |
010927s2000 sp s 001 0 spa c |
| 017 |
|
|
|a M14119-2000
|
| 020 |
|
|
|a 8482356410
|
| 035 |
|
|
|a 608
|
| 040 |
|
|
|a UMA.DER
|d vLex
|
| 040 |
|
|
|a UMA.RE
|d vLex
|
| 080 |
|
|
|a 343.359(460)
|
| 090 |
|
|
|c 585
|d 585
|
| 100 |
1 |
|
|a Merino Jara, Isaac
|
| 245 |
1 |
3 |
|a El delito fiscal
|h [Recurso electrn̤ico]
|c Isaac Merino Jara, Jos ̌Luis Serrano Gonzl̀ez de Murillo
|
| 256 |
|
|
|a Servicio en ln̕ea
|
| 260 |
|
|
|a Madrid :
|b Editoriales de derecho reunidas,
|c D.L.2001
|
| 300 |
|
|
|a 192 p. ;
|c 20 cm
|
| 490 |
1 |
|
|a Cuadernos fiscales ;
|v 1
|
| 504 |
|
|
|a Bibliografa̕
|
| 506 |
1 |
|
|a Contenido solo disponible en los productos indicados
|d vLex Global
|d vLex Global (Academic Edition, excluding Law Schools)
|d vLex Global (U.S. Academic Edition, Law Schools)
|d vLex Global (U.S. Academic Edition, excluding Law Schools)
|d vLex Global (Academic Edition, Law Schools)
|
| 650 |
0 |
7 |
|a Penal
|2 Tesauro vLex
|
| 650 |
0 |
7 |
|a Delito
|2 Tesauro vLex
|
| 650 |
0 |
7 |
|a Derecho fiscal
|2 Tesauro vLex
|
| 650 |
0 |
7 |
|a Infracciones tributarias
|2 Tesauro vLex
|
| 650 |
0 |
7 |
|a Delitos
|2 Tesauro vLex
|
| 700 |
1 |
|
|a Serrano Gonzl̀ez de Murillo, Jos ̌Luis
|
| 740 |
0 |
|
|a vLex Libros (Servicios en ln̕ea)
|
| 830 |
|
0 |
|a Cuadernos fiscales(Editoriales de derecho reunidas)
|
| 856 |
4 |
0 |
|u http://vlex.com/source/608
|z Acceso restringido
|
| 942 |
|
|
|c BOOK
|
| 999 |
0 |
|
|a Criminal Law
|b Madrid
|